Power play: a study of the enron project (Record no. 400305)

000 -LEADER
fixed length control field 00420cam a22001457a 4500
008 - FIXED-LENGTH DATA ELEMENTS--GENERAL INFORMATION
fixed length control field 180718b1999 xxu||||| |||| 00| 0 eng d
020 ## - INTERNATIONAL STANDARD BOOK NUMBER
International Standard Book Number 8125017453
082 ## - DEWEY DECIMAL CLASSIFICATION NUMBER
Classification number V53x54 M473
100 ## - MAIN ENTRY--PERSONAL NAME
Personal name Mehta, Abhay
245 ## - TITLE STATEMENT
Title Power play: a study of the enron project
Statement of responsibility, etc. by Abhay Mehta
260 ## - PUBLICATION, DISTRIBUTION, ETC.
Place of publication, distribution, etc. Mumbai
Name of publisher, distributor, etc. Orient Longman
Date of publication, distribution, etc. 1999
300 ## - PHYSICAL DESCRIPTION
Extent 226p.
650 ## - SUBJECT ADDED ENTRY--TOPICAL TERM
Topical term or geographic name entry element Electric power distribution
650 ## - SUBJECT ADDED ENTRY--TOPICAL TERM
Topical term or geographic name entry element Electric utilities - India
Holdings
Withdrawn status Lost status Damaged status Not for loan Permanent Location Current Location Date acquired Full call number Barcode Date last seen Price effective from Koha item type
        Indian Institute of Public Administration Indian Institute of Public Administration 2002-10-23 V53x54 M473 78020 2018-07-21 2018-07-21 Book

Powered by Koha